Sports Quiz

Random Sports or NBA Quiz

NBA TV Announcers Quiz Stats

Quiz not verified by Sporcle

Challenge
Share
Tweet
Embed
Score 0/30 Timer 07:00
0 Plays Today
Announcers Team % Correct
Mike Gorman, Tom Heinsohn/Donny Marshall/Bill WaltonBoston Celtics
89%
Bill Land, Sean ElliotSan Antonio Spurs
74.8%
Steve Martin, Dell CurryCharlotte Bobcats
74%
Marv Albert/Ian Eagle, Mike Fratello/Jim SpanarkelNew Jersey Nets
68.5%
Bob Rathbun, Dominique WilkinsAtlanta Hawks
67.7%
Mike Breen/Kenny Albert, Walt Frazier/Kelly TripuckaNew York Knicks
65.4%
Bill Worrell, Clyde Drexler/Matt BullardHouston Rockets
63%
Craig Bolerjack, Matt HarpringUtah Jazz
54.3%
Neil Funk, Stacey KingChicago Bulls
52.8%
Bill Macdonald, Stu LantzLos Angeles Lakers
50.4%
Marc Zumoff, Eric SnowPhiladelphia 76ers
50.4%
Fred McLeod, Austin CarrCleveland Cavaliers
50.4%
Jim Paschke, John McGlocklinMilwaukee Bucks
48.8%
Chris Denari, Clark Kellogg/Quinn BucknerIndiana Pacers
48%
Ralph Lawler, Mike SmithLos Angeles Clippers
46.5%
Announcers Team % Correct
Mike Followill, Derek Harper/Brad DavisDallas Mavericks
46.5%
David Steele, Matt GuokasOrlando Magic
40.9%
Brian Davis, Grant LongOklahoma City Thunder
40.2%
George Blaha, Greg KeslerDetroit Pistons
39.4%
Steve Buckhantz, Phil ChenierWashington Wizards
39.4%
Tom Leander, Eddie Johnson/Scott WilliamsPhoenix Suns
37.8%
Matt Devlin, Leo Rautins/Jack ArmstrongToronto Raptors
37.8%
Grant Napear, Jerry ReynoldsSacramento Kings
37%
Eric Reid, Tony FiorentinoMiami Heat
36.2%
Pete Pranica, Sean Tuohy/Brevin KnightMemphis Grizzlies
36.2%
Bob Fitzgerald, Jim BarnettGolden State Warriors
36.2%
Tom Hannenman, Jim PetersonMinnesota Timberwolves
33.9%
Chris Marlowe, Scott HastingsDenver Nuggets
33.1%
Matt Barrett, Mike RicePortland Trail Blazers
29.1%
Bob Licht, Gil McGregorNew Orleans Hornets
27.6%

You're not logged in!

Compare scores with friends on all Sporcle quizzes.
Join for Free
OR
Log In

You Might Also Like...

Show Comments

Extras

Top Quizzes Today


Score Distribution

Your Account Isn't Verified!

In order to create a playlist on Sporcle, you need to verify the email address you used during registration. Go to your Sporcle Settings to finish the process.

Report this User

Report this user for behavior that violates our Community Guidelines.

Details: